La joya del hogar (Record no. 93723)

MARC details
000 -LEADER
campo de control de longitud fija 00457nam a2200145 i 4500
001 - NÚMERO DE CONTROL
campo de control 93723
003 - IDENTIFICADOR DE NÚMERO DE CONTROL
campo de control ES-MaACL
007 - CAMPO FIJO DE DESCRIPCIÓN FÍSICA--INFORMACIÓN GENERAL
campo de control de longitud fija t|
008 - DATOS DE LONGITUD FIJA--INFORMACIÓN GENERAL
campo de control de longitud fija 050418s1912 sp ||||1| spa d
100 1# - ENTRADA PRINCIPAL--NOMBRE DE PERSONA
Nombre de persona López Fernández, Diego.
9 (RLIN) 73637
245 13 - MENCIÓN DEL TÍTULO
Título La joya del hogar
Resto del título : enciclopedia casera por el Doctor Godré Polez Farzenden /
Mención de responsabilidad, etc. recopilación de Diego López.
260 ## - PUBLICACIÓN, DISTRIBUCIÓN, ETC.
Lugar de publicación, distribución, etc. Lugo :
Nombre del editor, distribuidor, etc. A. Suárez Sal,
Fecha de publicación, distribución, etc. 1912.
300 ## - DESCRIPCIÓN FÍSICA
Extensión 204 p. ;
Dimensiones 22 cm.
852 ## - LOCALIZACIÓN
Ubicación ES-MaACL
Número de control de estantería G-1809
Holdings
Estatus retirado Estado de pérdida Estado de daño No para préstamo Colección Biblioteca de origen Biblioteca actual Ubicación en estantería Fecha de adquisición Fuente de adquisición Total de préstamos Signatura topográfica completa Código de barras Visto por última vez Precio de reemplazo Tipo de ítem Koha
        Colección de referencia Biblioteca del Ateneo de Madrid Biblioteca del Ateneo de Madrid Depósito 2 17/01/2008     G-1809 1097874 23/02/2023 23/02/2023 Libro impreso